NHL Hockey Team Point Leaders - Statistics

General Stats
  • This quiz has been taken 175 times
    159 since last reset
  • The average score is 21 of 31
Answer Stats
Team Points Player % Correct
Oilers 1669 Wayne Gretzky
100%
Red Wings 1809 Gordie Howe
98%
Penguins 1723 Mario Lemieux
98%
Capitals 1247* Alexander Ovechkin
90%
Avalanche/Nordiques 1641 Joe Sakic
88%
Stars/North Stars 1359 Mike Modano
80%
Canucks 1070 Henrik Sedin
78%
Canadiens 1246 Guy Lafleur
77%
Ducks 988 Teemu Selänne
75%
Sharks 1093* Patrick Marleau
74%
Flames 1095 Jarome Iginla
73%
Senators 1108 Daniel Alfredsson
72%
Lightning 953 Martin St. Louis
72%
Maple Leafs 987 Mats Sundin
72%
Blackhawks 1467 Stan Mikita
71%
Bruins 1506 Ray Bourque
69%
Coyotes 972 Shane Doan
69%
Kings 1307 Marcel Dionne
67%
Blue Jackets 547 Rick Nash
64%
Golden Knights 166* William Karlsson
64%
Flyers 1210 Bobby Clarke
61%
Islanders 1353 Bryan Trottier
61%
Hurricanes/Whalers 1175 Ron Francis
61%
Jets/Thrashers 616* Blake Wheeler
57%
Panthers 424* Jonathan Huberdeau
55%
Devils 1025 Patrik Eliáš
55%
Wild 700* Mikko Koivu
53%
Sabres 1326 Gilbert Perreault
47%
Predators 566 David Legwand
31%
Rangers 1021 Rod Gilbert
31%
Blues 1073 Bernie Federko
26%
No matching quizzes found
Score Distribution
Percent of People with Each Score
Percentile by Number Answered
Your Score History
You have not taken this quiz since the last reset